Bilance a financování akciové společnosti ve světě Rozvaha, výsledovka, cash flow, finanční analýza. Základní anglické odborné výrazy
Gespeichert in:
| 1. Verfasser: | |
|---|---|
| Weitere Verfasser: | |
| Format: | Buch |
| Sprache: | Tschechisch |
| Veröffentlicht: |
Praha
Arnika
1992
|
| Ausgabe: | 1. vyd. |
| Schriftenreihe: | Ekonomie a právo
|
| Schlagworte: | |
| Tags: |
Keine Tags, Fügen Sie das erste Tag hinzu!
|
MARC
| LEADER | 00000nam a2200000 4500 | ||
|---|---|---|---|
| 001 | c001132 | ||
| 005 | 20221214085321.9 | ||
| 020 | |a 80-901220-0-0 | ||
| 041 | 0 | |a cze | |
| 044 | |a CZ | ||
| 245 | 1 | 0 | |a Bilance a financování akciové společnosti ve světě |b Rozvaha, výsledovka, cash flow, finanční analýza. Základní anglické odborné výrazy |c Karel Kašpar, Zdeněk Šíla |
| 250 | |a 1. vyd. | ||
| 264 | 1 | |a Praha |b Arnika |c 1992 | |
| 300 | |a 151 s. | ||
| 490 | 1 | |a Ekonomie a právo | |
| 830 | 0 | |a Ekonomie a právo | |
| 610 | 2 | 0 | |a bilancie |
| 610 | 2 | 0 | |a financovanie |
| 610 | 2 | 0 | |a spoločnosti akciové |
| 610 | 2 | 0 | |a svet |
| 610 | 2 | 0 | |a aktíva |
| 610 | 2 | 0 | |a pasíva |
| 610 | 2 | 0 | |a účtovníctvo |
| 610 | 2 | 0 | |a podnikanie |
| 610 | 2 | 0 | |a riadenie |
| 610 | 2 | 0 | |a súvaha |
| 610 | 2 | 0 | |a výsledovka |
| 610 | 2 | 0 | |a cash flow |
| 100 | 1 | |a Kašpar, Karel | |
| 700 | 1 | |a Šíla, Zdeněk | |